Quiz o horrorze “Krzyk„ - Statystyki

Ogólne statystyki
  • Ten quiz został rozwiązany 75 razy
  • Średni wynik to 8 z 10
Statystyki odpowiedzi
Hint Odpowiedź % Poprawnych
W której części zamordowany został Randy meeks 2
100%
Ilu było zabójców w krzyku 1 2
100%
Ile części krzyku wyreżyserował Wes Craven 4
100%
Ile części do tej pory 6
100%
W którym roku powstała 1 części krzyku 1996
95%
Ilu było morderców w 4 częściach krzyku 7
94%
Dokończ słynne zdanie “Jaki jest twój ulubiony Horror
91%
Główna bohaterka krzyku Sidney presscot
77%
Kto był morderca w krzyk 3 Roman bridger
56%
Kto został zamordowana jako pierwszy w serii krzyk Steve orth
27%
Nie znaleziono quizów pasujących do podanych kryteriów
Rozkład punktacji
Procent ludzi z każdym wynikiem
Percentyl według liczby udzielonych odpowiedzi
Twoja historia wyników
Nie rozwiązałeś tego quizu